00803cam a2200229Mc 450000500170000000800410001702000180005802000150007603500210009104000500011204100080016210000200017024500830019026000680027330000240034150400530036565000190041865000430043765000460048070000250052670000220055120150505105412.0150505s2013 enk fr 001 0 eng d a9780199660117 a0199660115 a(OCoLC)863953265 aCO-BoUCMbspacJose A. GerenadJose A. Gerena0 aeng1 aDryzek, John S.10aClimate-challenged societycJohn s. Dryzek, Richard Norgaard, David Schlosberg aOxford (Oxfordshire, Inglaterra)bOxford University pressc2013 axiii, 169 páginas aIncluye referencias bibliográficas e índices 7aCambio social  7aCambio climático xAspectos sociales 7aCambio climático xAspectos ambientales1 aNorgaard, Richard B.1 aSchlosberg, David